|
|
|
|
| LEADER |
00825nam a2200277 4500 |
| 001 |
DLU090086302 |
| 005 |
##20091217 |
| 040 |
# |
# |
|a DLU
|b vie
|
| 041 |
# |
# |
|a vie
|
| 044 |
# |
# |
|a vn
|
| 100 |
# |
# |
|a Gibbs, Jason.
|
| 245 |
# |
# |
|a Hành trình đi tìm bản quốc ca Việt Nam /
|c Jason Gibbs, Nguyễn Trương Quý dịch.
|
| 653 |
# |
# |
|a Cảm hứng nghệ thuật
|
| 653 |
# |
# |
|a Quốc ca
|
| 653 |
# |
# |
|a Truyền thống đấu tranh
|
| 700 |
# |
# |
|a Nguyễn Trương Quý,
|e dịch.
|
| 773 |
# |
# |
|t Xưa nay
|g Số 1(299-300), 2008, tr. 46-55
|
| 920 |
# |
# |
|a Phòng Tạp chí -- Trung tâm Thông tin - Thư viện Trường Đại học Đà Lạt
|
| 994 |
# |
# |
|a DLU
|
| 900 |
# |
# |
|a True
|
| 911 |
# |
# |
|a Nguyễn Thị Linh Chi
|
| 925 |
# |
# |
|a G
|
| 926 |
# |
# |
|a A
|
| 927 |
# |
# |
|a BB
|
| 980 |
# |
# |
|a Thư viện Trường Đại học Đà Lạt
|